Prt̀ica de Direito Imobilir̀io

Detalles Bibliográficos
Autor principal: Costa Rosa, Edson
Formato: Libro
Lenguaje:portugués
Publicado: Brasil Editora Mundo Jurd̕ico 2015
Materias:
Acceso en línea:Acceso restringido

MARC

LEADER 00000nam a22000007a 4500
005 20160223173251.0
007 cr|||| ||u|
008 160223s2015 bl ||||| |||| 00||0 por d
020 |a 978-85-8085-045-1 
035 |a 13101 
040 |a vLex 
090 |c 5913  |d 5913 
100 1 |a Costa Rosa, Edson 
245 1 0 |a Prt̀ica de Direito Imobilir̀io  |h [Recurso electrn̤ico] /  |c Edson Costa Rosa  
256 |a Servicio en ln̕ea  
260 |a Brasil   |b Editora Mundo Jurd̕ico  |c 2015  
300 |a 1 recurso electrn̤ico (Segunda Edicin̤. 559 Pg̀inas.)  
506 1 |a Contenido solo disponible en los productos indicados  |d vLex Global  |d vLex Global (Academic Edition, excluding Law Schools)  |d vLex Global (U.S. Academic Edition, Law Schools)  |d vLex Global (U.S. Academic Edition, excluding Law Schools)  |d vLex Global (Academic Edition, Law Schools) 
650 0 4 |a Bienes Immuebles  |z Brasil 
740 0 |a vLex libros (servicio en ln̕ea)  
856 4 0 |u http://vlex.com/source/pratica-direito-imobiliario-13101  |z Acceso restringido  
942 |c BOOK 
999 0 |a Real property